<?xml version="1.0" encoding="UTF-8"?>
<collection xmlns="http://www.loc.gov/MARC21/slim">
 <record>
  <leader>02858nam a22002891a 4500</leader>
  <controlfield tag="001">1/28232</controlfield>
  <controlfield tag="008">      s2001    lu     f      00010 gre d</controlfield>
  <datafield tag="022" ind1="0" ind2=" ">
   <subfield code="a">0254-1483</subfield>
  </datafield>
  <datafield tag="028" ind1="3" ind2="1">
   <subfield code="a">KT-CO-01-147-GR-C (10ος τ.)</subfield>
  </datafield>
  <datafield tag="028" ind1="3" ind2="1">
   <subfield code="a">KT-CO-01-138-GR-C (1ος τ.)</subfield>
  </datafield>
  <datafield tag="028" ind1="3" ind2="1">
   <subfield code="a">KT-CO-01-140-GR-C (3ος τ.)</subfield>
  </datafield>
  <datafield tag="028" ind1="3" ind2="1">
   <subfield code="a">2001/0064 (ACC) (1ος τ.)</subfield>
  </datafield>
  <datafield tag="028" ind1="3" ind2="1">
   <subfield code="a">2001/0066 (ACC) (3ος τ.)</subfield>
  </datafield>
  <datafield tag="028" ind1="3" ind2="1">
   <subfield code="a">2001/0073 (ACC) (10ος τ.)</subfield>
  </datafield>
  <datafield tag="035" ind1=" " ind2=" ">
   <subfield code="l">30129</subfield>
  </datafield>
  <datafield tag="040" ind1=" " ind2=" ">
   <subfield code="a">GR-PeUP</subfield>
  </datafield>
  <datafield tag="084" ind1="-" ind2="-">
   <subfield code="2">KET</subfield>
   <subfield code="a">COM (2001) 128 τελικό</subfield>
  </datafield>
  <datafield tag="110" ind1="2" ind2=" ">
   <subfield code="a">Επιτροπή των Ευρωπαϊκών Κοινοτήτων.</subfield>
  </datafield>
  <datafield tag="245" ind1="1" ind2="0">
   <subfield code="a">Πρόταση απόφασης του Συμβουλίου περί της θέσης της Κοινότητας στο Συμβούλιο Σύνδεσης σχετικά με τη συμμετοχή της Δημοκρατίας της Βουλγαρίας στο πρόγραμμα &quot;Πολιτισμός 2000&quot; (τίτλος 1ου τ.) Πρόταση απόφασης του Συμβουλίου περί της θέσης της Κοινότητας στο Συμβούλιο Σύνδεσης σχετικά με τη συμμετοχή της Δημοκρατίας της Εσθονίας στο πρόγραμμα &quot;Πολιτισμός 2000&quot; (τίτλος 3ου τ.) Πρόταση απόφασης του Συμβουλίου περί της θέσης της Κοινότητας στο Συμβούλιο Σύνδεσης σχετικά με τη συμμετοχή της Δημοκρατίας της Σλοβενίας στο πρόγραμμα &quot;Πολιτισμός 2000&quot; (τίτλος 10ου τ.):</subfield>
   <subfield code="b">υποβληθείσα από την Επιτροπή /</subfield>
   <subfield code="c">Επιτροπή των Ευρωπαϊκών Κοινοτήτων</subfield>
  </datafield>
  <datafield tag="260" ind1="0" ind2=" ">
   <subfield code="a">Βρυξέλλες, Λουξεμβούργο:</subfield>
   <subfield code="b">Υπηρεσία Επισήμων Εκδόσεων των Ευρωπαϊκών Κοινοτήτων,</subfield>
   <subfield code="c">9.3.2001</subfield>
  </datafield>
  <datafield tag="300" ind1=" " ind2=" ">
   <subfield code="a">19 (1ος τ.), 19 (3ος τ.), 19 (10ος τ.)</subfield>
  </datafield>
  <datafield tag="852" ind1=" " ind2=" ">
   <subfield code="a">INST</subfield>
   <subfield code="b">UNIPILB</subfield>
   <subfield code="c">KET</subfield>
   <subfield code="e">20050909</subfield>
   <subfield code="h">KET   COM (2001) 128   τελικό</subfield>
   <subfield code="p">COM (2001) 128a</subfield>
   <subfield code="q">COM (2001) 128a</subfield>
   <subfield code="t">NOLOAN</subfield>
   <subfield code="y">23</subfield>
   <subfield code="4">1</subfield>
  </datafield>
  <datafield tag="852" ind1=" " ind2=" ">
   <subfield code="a">INST</subfield>
   <subfield code="b">UNIPILB</subfield>
   <subfield code="c">KET</subfield>
   <subfield code="e">20050909</subfield>
   <subfield code="h">KET   COM (2001) 128   τελικό</subfield>
   <subfield code="p">COM (2001) 128c</subfield>
   <subfield code="q">COM (2001) 128c</subfield>
   <subfield code="t">NOLOAN</subfield>
   <subfield code="y">23</subfield>
   <subfield code="4">1</subfield>
  </datafield>
  <datafield tag="852" ind1=" " ind2=" ">
   <subfield code="a">INST</subfield>
   <subfield code="b">UNIPILB</subfield>
   <subfield code="c">KET</subfield>
   <subfield code="e">20050909</subfield>
   <subfield code="h">KET   COM (2001) 128   τελικό</subfield>
   <subfield code="p">COM (2001) 128j</subfield>
   <subfield code="q">COM (2001) 128j</subfield>
   <subfield code="t">NOLOAN</subfield>
   <subfield code="y">23</subfield>
   <subfield code="4">1</subfield>
  </datafield>
  <datafield tag="856" ind1="7" ind2="8">
   <subfield code="u">https://eur-lex.europa.eu/legal-content/EL/TXT/HTML/?uri=CELEX:52001PC0128(01)&amp;qid=1550071478548&amp;from=EL</subfield>
  </datafield>
  <datafield tag="856" ind1="7" ind2="8">
   <subfield code="u">https://eur-lex.europa.eu/legal-content/EL/TXT/HTML/?uri=CELEX:52001PC0128(03)&amp;qid=1550071478548&amp;from=EL</subfield>
  </datafield>
  <datafield tag="856" ind1="7" ind2="8">
   <subfield code="u">https://eur-lex.europa.eu/legal-content/EL/TXT/HTML/?uri=CELEX:52001PC0128(10)&amp;qid=1550071478548&amp;from=EL</subfield>
  </datafield>
 </record>
</collection>
